[Event "NED-ch U16 Girls"]
[Site "Almelo"]
[Date "2023.04.30"]
[Round "1"]
[White "Tangarife Ramirez, Katja"]
[Black "Wortman, Manixia"]
[Result "1-0"]
[WhiteElo "1667"]
[BlackElo "1493"]
[PlyCount "45"]
[EventDate "2023.04.30"]
[EventType "swiss"]
[EventRounds "7"]
[EventCountry "NED"]
[SourceTitle "CBM 214 Extra"]
[Source "ChessBase"]
[SourceDate "2023.07.31"]
[SourceVersion "1"]
[SourceVersionDate "2023.07.31"]
[SourceQuality "1"]

1. d4 Nf6 2. Nf3 e6 3. c4 Bb4+ 4. Bd2 Bxd2+ 5. Qxd2 d5 6. g3 0-0 7. Bg2 Nbd7 8. 0-0 c5 9. Rc1 cxd4 10. cxd5 e5 11. Qb4 Nxd5 12. Qd6 N5f6 13. Nxe5 Nxe5 14. Qxe5 Re8 15. Qb5 a6 16. Qd3 Bg4 17. Re1 Rb8 18. Nd2 Nd5 19. Qxd4 Bxe2 20. Bxd5 Bb5 21. Rxe8+ Qxe8 22. Qe4 Qd7 23. Nf3 1-0

[Event "NED-ch U16/18 Girls"]
[Site "Almelo"]
[Date "2022.05.02"]
[Round "2"]
[White "Tangarife Ramirez, Katja"]
[Black "Jonkman, Amelia"]
[Result "1/2-1/2"]
[WhiteElo "1623"]
[BlackElo "1552"]
[PlyCount "99"]
[EventDate "2022.05.01"]
[EventType "swiss"]
[EventRounds "9"]
[EventCountry "NED"]
[SourceTitle "EXT 2023"]
[Source "ChessBase"]
[SourceDate "2022.10.05"]
[SourceVersion "1"]
[SourceVersionDate "2022.10.05"]
[SourceQuality "1"]

1. d4 Nf6 2. c4 g6 3. Nc3 d6 4. Nf3 Bg7 5. e4 Nbd7 6. Be2 e5 7. d5 0-0 8. Be3 b6 9. b4 a5 10. a3 Bb7 11. Rb1 axb4 12. axb4 Ba6 13. 0-0 h6 14. h3 Qe7 15. Qd2 Kh7 16. Ra1 Rfb8 17. Ra2 Bb7 18. Rfa1 Qd8 19. Qc2 Rxa2 20. Rxa2 Ra8 21. Rxa8 Qxa8 22. Nb5 Ne8 23. Qc3 Ndf6 24. Bd3 Qa4 25. Nd2 Nd7 26. Qb3 Qxb3 27. Nxb3 Nb8 28. c5 bxc5 29. bxc5 Ba6 30. Bf1 f5 31. f3 fxe4 32. fxe4 dxc5 33. Nxc5 c6 34. dxc6 Bxb5 35. Bxb5 Nc7 36. Ba4 Bf8 37. Nd7 Nxd7 38. cxd7 Ne6 39. Kf2 Kg7 40. Bd2 Be7 41. Ke2 Bd8 42. Bb4 Nf4+ 43. Kf3 Nh5 44. Bd6 Kf6 45. Bb3 Nf4 46. Bf8 h5 47. h4 Ne6 48. Bxe6 Kxe6 49. g3 Kxd7 50. Bh6 1/2-1/2